000 00513nam a2200181Ia 4500
005 20250508150731.0
008 008 250505s9999 xx 000 0 eng d
037 _aTextual
040 _aFEDL
_beng
_cFEDL
041 _aeng
_2eng
084 _a371.3, BAY
_qFEDL
100 _aBayles Ernest E
_9637114
245 0 _aTheory and practice of teasing
260 _aNew York, USA
_bHarper and Brothers Publishers
_c1950
300 _a362p.
942 _cTEXL
_h371.3, BAY
999 _c1325343
_d1325343